000 00393nam a22001697a 4500
003 MPLRDC
005 20220104152619.0
008 210129b ||||| |||| 00| 0 eng d
082 _a578.2 MZ
100 _a梅之
245 _a从华盛顿到北京
_c
250 _a初版
260 _a
_b七十年代杂志社
_c1973
300 _b
650 _a中国外交
942 _cBK
_o578.2 MZ
999 _c52993
_d52983